000 00596nam a2200229Ia 4500
003 OSt
005 20220926020511.0
006 a|||||r|||| 00| 0
007 ta
008 220923b |||||||| |||| 00| 0 eng d
020 _a9780367209476
037 _cGeneral Book
040 _aRTL
_cRTL
_beng
041 _2eng
_aeng
082 _aR0aN, R0
100 _aCROWTHER Paul
_980426
245 0 _aTheory of the art object
260 _aNew York
_bRoutledge
_c2020
300 _aviii,161p
_ccm.
942 _hR0aN, R0
_cGB
_2CC
999 _c634396
_d634396